Szczegóły MARC21

Polskie transakcje stulecia : Możejki Nafta, Polkomtel, Unipetrol /

003 -Nazwa inst., której nr kontr. jest w polu 001 [,]
    • @
    • Nazwa instytucji, której n kontrolny jest w polu 001
    • NUKAT
005 -DATA I CZAS OSTATNIEJ MODYFIKACJI [,]
    • @
    • pole kontrolne
    • 20241231103059.0
020 -Międzynarod. znormalizowany nr książki - ISBN [ , ]
    • a
    • Numer ISBN
    • 9788390325293 Find
040 -Instytucja sporządzająca opis [ , ]
    • a
    • Instytucja, która sporządziła opis (NP)
    • WA 14/MB
    • c
    • Instytucja, która sporządziła rekord (NP)
    • WA 14/MB
    • d
    • Instytucja, która zmodyfikowała rekord (P)
    • WR 16/sb
    • d
    • Instytucja, która zmodyfikowała rekord (P)
    • WR U/hb
    • d
    • Instytucja, która zmodyfikowała rekord (P)
    • WR U/JHs
    • d
    • Instytucja, która zmodyfikowała rekord (P)
    • WA LAZ/JF
942 -Rodzaj dokumentu [ , ]
    • c
    • Rodzaj dokumentu
    • Książka
100 -Hasło główne - nazwa osobowa [1, ]
    • a
    • Nazwa osobowa (NP)
    • Smorszczewski, Cezary K.
    • 9
    • KHW
    • 67688
245 -Strefa tytułu i oznaczenia odpowiedzialności [1,0]
    • a
    • Tytuł
    • Polskie transakcje stulecia : Find
    • b
    • Ciąg dalszy tytułu (NP)
    • Możejki Nafta, Polkomtel, Unipetrol / Find
    • c
    • Pozostałe elementy strefy tytułu i oznaczenia odpowiedzialności (NP)
    • Cezary K. Smorszczewski, Zbigniew Grzegorzewski.
246 -Wariant tytułu [1,4]
    • a
    • Tytuł (NP)
    • Strategie biznesu :
    • b
    • Ciąg dalszy tytułu (NP)
    • polskie transakcje stulecia
260 -Strefa adresu wydawniczego [ , ]
    • a
    • Miejsce wydania (P)
    • Warszawa :
    • b
    • Nazwa wydawcy (P)
    • CXO Media,
    • c
    • Data wydania (P)
    • 2008.
300 -Strefa opisu fizycznego [ , ]
    • a
    • Określenie formy książki i/lub objętość (NP)
    • 208 s., XXX s. tabl. :
    • b
    • Oznaczenie ilustracji (NP)
    • il. ;
    • c
    • Format (NP)
    • 22 cm.
336 -Typ zawartości [ , ]
    • a
    • Termin opisujący typ zawartości
    • Tekst
    • b
    • Kod określający zawartość
    • txt
    • 2
    • Źródło (terminu i kodu)
    • rdacontent
337 -Typ mediów [ , ]
    • a
    • Tryb odtwarzania
    • Bez urządzenia pośredniczącego
    • b
    • Kod typu mediów
    • n
    • 2
    • Źródło (terminu i kodu)
    • rdamedia
338 -Typ/rodzaj nośnika [ , ]
    • a
    • Hasło opisujące typ nośnika
    • Wolumin
    • b
    • Kod typu nośnika
    • nc
    • 2
    • Źródło (terminu i kodu)
    • rdacarrier
490 -Strefa serii i książki wielotomowej - forma nie do wyszukiwania [1, ]
    • a
    • Tytuł (P)
    • Biblioteka CEO Find
830 -Hasło dodatkowe serii i opisu książki wielotomowej - tytuł ujednolicony/tytuł [ ,0]
    • a
    • Tytuł ujednolicony/tytuł (NP)
    • Biblioteka CEO
    • 9
    • KHW
    • 67690
504 -Uwaga dot. bibliogr. załącznikowej [ , ]
    • a
    • Uwaga dot. bibliografii załącznikowej
    • Bibliogr. przy rozdz. Indeks.
080 -Uniwersalna Klasyfikacja Dziesiętna [ , ]
    • 2
    • Identyfikator wydania tablic
    • UDC-P058
    • 9
    • UKD
    • 3116
    • a
    • Symbol klasyfikacji
    • 334.75
    • b
    • Dopowiedzenie
    • Związki gospodarcze ponadzakładowe w gospodarce rynkowej. Kartele. Syndykaty. Trusty. Koncerny. Fuzje. Przejmowanie przedsiębiorstw. Korporacje. Monopole.
    • 4
    • UKD2
    • 7642
    • x
    • Poddział wspólny
    • (438)
    • c
    • Dopowiedzenie poddz. wspólnego
    • (Polska).
    • 4
    • UKD2
    • 8979
    • x
    • Poddział wspólny
    • (078.7)
    • c
    • Dopowiedzenie poddz. wspólnego
    • (Case studies. Studium przypadku).
080 -Uniwersalna Klasyfikacja Dziesiętna [ , ]
    • 2
    • Identyfikator wydania tablic
    • UDC-P058
    • 9
    • UKD
    • 3240
    • a
    • Symbol klasyfikacji
    • 338.45::620.91
    • b
    • Dopowiedzenie
    • Energetyka jako dział gospodarki. Ekonomika energetyki.
    • 4
    • UKD2
    • 7642
    • x
    • Poddział wspólny
    • (438)
    • c
    • Dopowiedzenie poddz. wspólnego
    • (Polska).
080 -Uniwersalna Klasyfikacja Dziesiętna [ , ]
    • 2
    • Identyfikator wydania tablic
    • UDC-P058
    • 9
    • UKD
    • 3378
    • a
    • Symbol klasyfikacji
    • 341.22
    • b
    • Dopowiedzenie
    • Przedmioty i dobra w prawie międzynarodowym. Własność w prawie międzynarodowym.
650 -Hasło przedmiotowe [ ,7]
    • a
    • Hasło przedmiotowe
    • Fuzja przedsiębiorstw
    • z
    • Określnik geograficzny
    • Polska
    • v
    • Określnik formalny
    • studium przypadku.
    • 2
    • Źródło terminu
    • kaba
    • 9
    • KHW
    • 382517
650 -Hasło przedmiotowe [ ,7]
    • a
    • Hasło przedmiotowe
    • Przedsiębiorstwa
    • x
    • Określnik rzeczowy
    • przejęcie
    • z
    • Określnik geograficzny
    • Polska
    • v
    • Określnik formalny
    • studium przypadku.
    • 2
    • Źródło terminu
    • kaba
    • 9
    • KHW
    • 382518
650 -Hasło przedmiotowe [ ,7]
    • a
    • Hasło przedmiotowe
    • Energetyka
    • z
    • Określnik geograficzny
    • Polska
    • y
    • Określnik chronologiczny
    • 1990-.
    • 2
    • Źródło terminu
    • kaba
    • 9
    • KHW
    • 380939
650 -Hasło przedmiotowe [ ,7]
    • a
    • Hasło przedmiotowe
    • Fuzja przedsiębiorstw (prawo międzynarodowe prywatne).
    • 2
    • Źródło terminu
    • kaba
    • 9
    • KHW
    • 147083
980 -Symbol UKD [ , ]
    • a
    • UKD
    • 334.75(078.7):338.45::620.91](438):341.22
700 -Hasło dodatkowe - nazwa osobowa [1, ]
    • a
    • Nazwa osobowa (NP)
    • Grzegorzewski, Zbigniew. Find
    • 9
    • KHW
    • 67689
920 -ISBN [ , ]
    • a
    • ISBN
    • 978-83-903252-9-3 Find
Sygnatura Numer inwentarzowy Status udost. Data inwentaryzacji Lokalizacja
T.13857T.13857-22013-12-04T